00302nam a2200109Ia 4500003000400000008004100004082001300045100003900058245003900097260004600136300001000182OSt201121b ||||| |||| 00| 0 eng d a620.106  aUICKER, John J, Pennock, Gordon R. aTheory of Machines and Mechanisms  aN.Delhi bNarosa Publication House c2005 a 734.